000 00284nam a22001337a 4500
008 170204b xxu||||| |||| 00| 0 eng d
020 _a2901285422908
041 _aeng
080 _24TH
_a61
100 _a3
101 _aSHM
245 _a3-2-1 CODE IT
_cGREEN, M.A
942 _2udc
_cBK
999 _c4579
_d4579